| 000 | 00720nam a2200253 a 4500 | ||
|---|---|---|---|
| 005 | 20240925063757.0 | ||
| 008 | 011016s2000 mx r 000 0 spa d | ||
| 020 | _a079236399X | ||
| 035 | _aUPN01000113107 | ||
| 049 | _aCG | ||
| 050 | 4 |
_aQA11 A1 _bH5.7 |
|
| 245 | 0 | 0 |
_aHistory in mathematics education : _ban ICMI study / _ced. John Fauvel, Jan Van Maanen |
| 250 | _bDordrecht, Hol. : | ||
| 260 |
_aKluwer, _b2000 |
||
| 300 | _a437 p. | ||
| 440 | 0 |
_aNew ICMI study series ; _v6 |
|
| 650 | 4 |
_aMatemáticas _xEstudio y enseñanza _93601 |
|
| 650 | 4 |
_aMATEMATICAS - _xHISTORIA _916762 |
|
| 700 | 1 |
_aFauvel, John, _eed. |
|
| 700 | 1 |
_aMaanen, Jan Van _eed. |
|
| 901 | _a186594 | ||
| 902 | _aMCM/cav | ||
| 905 | _aLibro | ||
| 999 |
_c87015 _d87015 |
||